| 000 | 00797nam a2200217 a 4500 | ||
|---|---|---|---|
| 001 | 000971968 | ||
| 003 | AM-YeHGA | ||
| 005 | 20250618074215.0 | ||
| 008 | 130701s2013 ai r 000 0 arm d | ||
| 020 | _a9789939006659 | ||
| 040 | _aAM-YeHGA | ||
| 041 | 0 | _aarm | |
| 100 | 1 | _aՍարգսյան-Կատվալյան, Սուրեն Արտավազդի | |
| 245 | 1 | 0 |
_aՀայագիտության ձևավորման ժամանակի և հիմնադիրների հարցի շուրջ / _cՍ.Ա. Սարգսյան-Կատվալյան; Խմբ. Ա.Հ. Սարգսյան. |
| 260 |
_aԵրևան : _bԱ. հ., _c2013. |
||
| 300 | _a68 էջ. | ||
| 504 | _aՄատենագիտ.՝ 67 էջ | ||
| 650 | 1 | 4 |
_aՀայագիտություն _94600 |
| 700 | 1 |
_aՍարգսյան, Ա.Հ. _eխմբ. _4edt |
|
| 090 | _c326213 | ||
| 999 |
_c324468 _d324468 |
||